000 00735nam a22001937a 4500
999 _c192055
_d192055
005 20220909145605.0
010 _aENG-135009
020 _a9789391255152
_c100.00
035 _aEN-118541
037 _bDBAD/PUB
082 _a615.836
245 _aVirtual National Conference and Workshop ABGCON 2021:
_bConference Proceedings August 27th 2021 Pre-Conference Workship August 28th, 2021 Conference/
_cEdited by B. Shanthi, V.S. Kalai Selvi and K. Sumathi
260 _aChennai
_bAksharaa Murhra Aalayam Pvt Ltd
_c2021
270 _aNo. 441/303, Anna Salai, Teynampet
_bChennai
_e600018
300 _axvi, 27p.
_c29cm(pbk)
700 _aSelvi, V.S. Kalai
700 _aSumathi, K.
942 _2ddc
_cEN
_h615.836
_mVIR